000 00485nam a2200193 a 4500
001 1766054953733
003 YourLibrary
005 20251218162253.0
008 251218s2004##################000#0#eng##
020 _a9780764566769
082 0 4 _a641.5945
_bSCI
100 1 _aScicolone, Michele,
_eauthor.
245 1 0 _a1,000 Italian Recipes :
260 _bWiley,
_c2004.
300 _a672 pages
650 0 _aCooking.
942 _cENGLISH
040 _aYourLibrary
_beng
_cYourLibrary
999 _c603206
_d603206